| 000 | 00368 a2200145 4500 | ||
|---|---|---|---|
| 005 | 20250424135618.0 | ||
| 020 | _a0-07-092450-3 | ||
| 082 | _a657.48 ROS | ||
| 100 | _aROSEN, L. S. | ||
| 245 | _aAn Introduction to Accounting Case Analysis. | ||
| 250 | _a2nd Ed. | ||
| 260 |
_aNew York, _bMcGraw Hill, _c1985. |
||
| 300 |
_a243p.: figure, table _c22cm |
||
| 942 |
_2ddc _cBKS |
||
| 999 |
_c1637 _d1637 |
||